000 00796nam a2200241Ia 4500
003 OSt
005 20221005113302.0
006 a|||||r|||| 00| 0
007 ta
008 221004b |||||||| |||| 00| 0 pan d
020 _a9788130200781 (hbk)
_c350
024 _a116499
037 _b613, 22/02/2012, H.K. Prakashan
_cTextual
040 _aCRL
_cCRL
_bpan
041 _2pan
_apan
082 _aO168,1N11x, 153Q1
245 0 _aਕੁੱਲੀਯਾਤ ਏ ਖ਼ੈਗ਼
260 _aਪਟਿਆਲਾ
_bਪੰਜਾਬੀ ਯੂਨੀਵਰਸਿਟੀ ਭਾਰਤ
_c2011
300 _a352ਪੰ
_ccm.
650 _aਪੰਜਾਬੀ ਸਾਹਿਤ
942 _hO168,1N11x, 153Q1
_cTEXL
_2cc
999 _c1027651
_d1027651